AFC East Winners (1970-2001) - Statistics

General Stats
  • This quiz has been taken 72 times
  • The average score is 23 of 32
Answer Stats
Year AFC East Winner Record % Correct
2001 New England Patriots 11-5
100%
2000 Miami Dolphins 11-5
93%
1990 Buffalo Bills 13-3
81%
1985 Miami Dolphins 12-4
81%
1984 Miami Dolphins 14-2
81%
1993 Buffalo Bills 12-4
79%
1991 Buffalo Bills 13-3
79%
1983 Miami Dolphins 12-4
79%
1982 Miami Dolphins 7-2
79%
1981 Miami Dolphins 11-4-1
79%
1989 Buffalo Bills 9-7
76%
1988 Buffalo Bills 12-4
76%
1996 New England Patriots 11-5
74%
1995 Buffalo Bills 10-6
71%
1992 Miami Dolphins 11-5
71%
1997 New England Patriots 10-6
71%
1986 New England Patriots 11-5
71%
1998 New York Jets 12-4
71%
1980 Buffalo Bills 11-5
67%
1979 Miami Dolphins 10-6
67%
1978 New England Patriots 11-5
67%
1999 Indianapolis Colts 13-3
64%
1994 Miami Dolphins 10-6
64%
1974 Miami Dolphins 11-3
64%
1973 Miami Dolphins 12-2
64%
1972 Miami Dolphins 14-0
64%
1971 Miami Dolphins 10-3-1
62%
1987 Indianapolis Colts 9-6
57%
1977 Baltimore Colts 10-4
52%
1976 Baltimore Colts 11-3
52%
1975 Baltimore Colts 10-4
52%
1970 Baltimore Colts 11-2-1
52%
No matching quizzes found
Score Distribution
Percent of People with Each Score
Percentile by Number Answered
Your Score History
You have not taken this quiz